Updated assured shorthold tenancy agreement (Record no. 72957)

MARC details
000 -LEADER
fixed length control field 01157cam a2200181 4500
001 - CONTROL NUMBER
control field WB3925-11
008 - FIXED-LENGTH DATA ELEMENTS--GENERAL INFORMATION
fixed length control field 030701n2003 000 0 eng u
035 ## - SYSTEM CONTROL NUMBER
System control number (Sirsi) u122822
245 ## - TITLE STATEMENT
Title Updated assured shorthold tenancy agreement
260 ## - PUBLICATION, DISTRIBUTION, ETC.
Date of publication, distribution, etc. 2003
490 ## - SERIES STATEMENT
Series statement RICS Residential Faculty News
Volume/sequential designation 30 June 2003 (1)
520 ## - SUMMARY, ETC.
Summary, etc. The revised RICS "Agreement for the creation of an assured shorthold tenancy (England and Wales only)" is now available and meets the requirements of the Unfair Terms in Consumer Contracts Regulations 1999. The tenancy agreement is completely re-written using clear plain text and intends to create a new climate of fairness between landlord and tenant. Surveyors are advised not to use the old and out of date forms of the tenancy agreement. The agreement is available from RICS Books priced £22.50*. www.rics.org/ricscms/bin/show?class=News&template=/includes/shownews.html&id=4073
590 ## - LOCAL NOTE (RLIN)
Local note WB
650 ## - SUBJECT ADDED ENTRY--TOPICAL TERM
Topical term or geographic name entry element UNFAIR TERMS IN CONSUMER CONTRACTS REGULATIONS 1999
650 ## - SUBJECT ADDED ENTRY--TOPICAL TERM
Topical term or geographic name entry element ASSURED SHORTHOLD TENANCIES
690 ## - LOCAL SUBJECT ADDED ENTRY--TOPICAL TERM (OCLC, RLIN)
Topical term or geographic name as entry element PROPERTY-RESIDENTIAL PROPERTY-RESIDENTIAL LANDLORD AND TENANT-RESIDENTIAL TENANCIES
942 ## - ADDED ENTRY ELEMENTS (KOHA)
Suppress in OPAC 0
Holdings
Withdrawn status Lost status Source of classification or shelving scheme Damaged status Not for loan Home library Current library Shelving location Date acquired Total Checkouts Full call number Barcode Date last seen Copy number Price effective from Koha item type
    Dewey Decimal Classification     London London News article 01/07/2003   WB3925-11 122822-1001 06/08/2019 1 06/08/2019 News article